Paroles : Dave Grohl - Lomepal - Statistiques

Statistiques générales
  • Ce quiz a été pris 145 fois
  • Le résultat moyen est 364 sur 474
Statistiques - réponses
Paroles % Correct
à
96%
a
96%
je
96%
comme
91%
de
91%
ce
90%
le
90%
ma
90%
m'a
90%
que
90%
me
88%
un
88%
du
87%
Refrain | Refrain/Outro j'ai
87%
les
87%
"les
87%
ceux
86%
et
86%
fait
86%
j'aime
86%
la
86%
mal
86%
ou
86%
une
86%
ça
85%
suis
85%
vu
85%
dès
83%
des
83%
fier
83%
jour
83%
mon
83%
nus
83%
pas
83%
Couplet 1 pour
83%
qui
83%
rien
83%
soeur
83%
veux
83%
âme
82%
dans
82%
en
82%
fille
82%
homme
82%
jamais
82%
j'etais
82%
j'étais
82%
mais
82%
moi
82%
par
82%
seul
82%
si
82%
compte
81%
Dave
81%
faut
81%
fillette
81%
Grohl
81%
m'en
81%
pleuré
81%
plus
81%
rendu
81%
yeux
81%
avec
79%
génie
79%
juste
79%
l'eau
79%
oublier
79%
peu
79%
qu'un
79%
coussin
78%
d'autre
78%
mes
78%
n'est
78%
qu'elle
78%
elle
77%
lit
77%
monde
77%
peux
77%
pourquoi
77%
vrai
77%
dos
76%
filles
76%
leur
76%
maintenant
76%
prendre
76%
quitter
76%
taille
76%
au
74%
caille
74%
double
74%
ferme
74%
font
74%
leurs
74%
mis
74%
monte
74%
poussent
74%
qu'en
74%
secret
74%
souviens
74%
star
74%
sur
74%
tout
74%
trois
74%
visages
74%
cauchemars
73%
cousine
73%
couvertures
73%
d'effet
73%
depuis
73%
deux
73%
j'irais
73%
j'suis
73%
même
73%
qu'une
73%
sérieux
73%
toi
73%
années
72%
baise
72%
cavalier
72%
désolé
72%
devant
72%
sachent
72%
bat
71%
frayeur
71%
quand
71%
qu'elles
71%
ses
71%
son
71%
autre
69%
c'est
69%
fauteuil
69%
place
69%
sans
69%
marin
68%
on
68%
tous
68%
endormi
67%
face
67%
faire
67%
mecs
67%
nagé
67%
raccourcis
67%
t'aime
67%
coeur
65%
heure
65%
j'attends
65%
manque
65%
aimait
64%
être
64%
fond
64%
soir
64%
avoué
63%
blagues
63%
cheveux
63%
oh
63%
avait
62%
bateau
62%
confiance
62%
dur
62%
j'aurais
62%
j'y
62%
mêmes
62%
tellement
62%
barque
60%
d'avoir
60%
d'été
60%
Dieu
60%
l'exclusivité
60%
repense
60%
sauf
60%
seuls"
60%
sont
60%
t'aimes
60%
d'inventer
59%
entre
59%
heureux
59%
j'venais
59%
marrons
59%
rattraper
59%
âmes
58%
avant
58%
bonne
58%
crawl
58%
est
58%
jouir
58%
nos
58%
prix
58%
fesses
56%
oui
56%
ajoutant
55%
connu
55%
pause
55%
réseau
55%
communiquaient
54%
l'ai
54%
maison
54%
sacrifices
54%
devenu
53%
d'femmes
53%
rejoint
53%
s'est
53%
toujours
53%
doit
51%
rentrer
51%
autres
50%
devine
50%
réveil
50%
crois
49%
loin
49%
qu'j'ai
49%
puis
47%
revue
47%
fade
46%
nikka
46%
partis
46%
l'océan
45%
raison
45%
ramènent
42%
résonne
42%
bouteilles
41%
démarrer
41%
vides
41%
nuit
38%
déteste
37%
s'embrasser
32%
mot
31%
reconnus
29%
journée
27%
Aucun quiz correspondant
Distribution des résultats
% des personnes avec chaque résultat
Percentile par nombre de réponses
Votre historique - résultats
Vous n’avez pas pris ce quiz